| 000 | 00689nam a2200241 a 4500 | ||
|---|---|---|---|
| 001 | BRL_1317 | ||
| 005 | 20190320211138.0 | ||
| 008 | 060114t1970----u--a######---#000-0#eng-# | ||
| 020 | _a910458030 | ||
| 041 | _aeng | ||
| 044 | _aen | ||
| 084 |
_aNK8862 _b.D38 1970 |
||
| 100 | 1 |
_aDavenport, Elsie G. _926501 |
|
| 245 | 1 | 0 |
_aYour handweaving _cby Elsie G. Davenport : with eighty-six diagrams and plates. |
| 260 |
_aPacific Grove, California _bSelect Books _c1970 |
||
| 300 |
_a128 p. _bil., diagramas, láminas _c21 cm. |
||
| 500 | _aAu1593 | ||
| 504 | _aBibliografía: p. 128 | ||
| 650 | 1 | 4 |
_aTejeduría _926502 |
| 650 | 1 | 4 |
_aTejido a mano _926503 |
| 902 | _aGRL | ||
| 942 |
_2lcc _cB |
||
| 999 |
_c10129 _d10129 |
||